Players With 20+ Goals in a La Liga Season - Statistics

General Stats
  • This quiz has been taken 35 times
  • The average score is 58 of 120
Answer Stats
Hint Answer % Correct
25 | 26 | 31 | +5 others Cristiano Ronaldo
100%
23 | 25 | 26 | +9 others Lionel Messi
100%
21 | 23 | 24 | 34 Ronaldo
100%
21 | 25 | 28 | 40 Luis Suarez
96%
21 | 25 | 28 David Villa
89%
21 | 23 | 24 | 27 Karim Benzema
89%
21 | 24 | 25 Raul
85%
22* Antoine Griezmann
81%
23* | 27* Robert Lewandowski
67%
24 | 32 Diego Forlan
63%
31* Kylian Mbappe
63%
21 Ronaldinho
59%
24 | 26 | 30 Samuel Eto'o
59%
22 | 27 Gonzalo Higuain
52%
21 | 23 | 24 Rivaldo
52%
38 Hugo Sanchez
44%
20 Sergio Aguero
44%
22 | 29 Roy Makaay
41%
25 Ruud van Nistelrooy
37%
24 Artem Dovbyk
33%
24 | 28 Radamel Falcao
33%
30 Romario
30%
23* Gerard Moreno
22%
22 | 24 Neymar Jr
22%
24 Christian Vieri
19%
27 Diego Costa
19%
27 Dani Guiza
11%
20 Hristo Stoichkov
11%
20 | 25 Alvaro Negredo
7%
21* Ante Budimir
7%
20 Aritz Aduriz
7%
25 | 29 Bebeto
7%
24 Davor Suker
7%
21 Diego Tristan
7%
20* | 22* Iago Aspas
7%
24 Jimmy Floyd Hasselbaink
7%
24 Luis Fabiano
7%
27 Manolo
7%
28 Predrag Mijatović
7%
24 Roberto Soldado
7%
20* | 23* Alexander Sorloth
4%
20 Carlos Bacca
4%
24 Catanha
4%
21 Cristhian Stuani
4%
20 Darko Kovacevic
4%
21 Fernando Hierro
4%
21 Frederic Kanoute
4%
31 Juan Antonio Pizzi
4%
20 Julio Baptista
4%
23 | 25 Meho Kodro
4%
20 Oli
4%
27 Salva Ballesta
4%
23 Alen Peternac
0%
25 Alfonso Pérez
0%
20 Carlos Muñoz Cobo
0%
21 Claudio Lopez
0%
23 Diego Milito
0%
28 Ivan Zamorano
0%
26 Iván Zamorano
0%
22 Javi Moreno
0%
20 Lyuboslav Penev
0%
23 Nihat Kahveci
0%
22 Ricardo Oliveira
0%
21 Savo Milosevic
0%
33 Toni Polster
0%
No matching quizzes found
Score Distribution
Percent of People with Each Score
Percentile by Number Answered
Your Score History
You have not taken this quiz